| 000 | 01483cam a22003974a 4500 | ||
|---|---|---|---|
| 001 | 51608 | ||
| 005 | 20230410142348.0 | ||
| 008 | 020114s2001 sp b 001 0 spa | ||
| 010 | _a 2002415796 | ||
| 035 | _a(OCoLC)ocm48848967 | ||
| 040 |
_aDLC _cDLC _dPL# _dI5B _dNYP _dGZM |
||
| 020 | _a847914520X | ||
| 020 | _a9788479145200 | ||
| 029 | 1 |
_aI5B _b131822 |
|
| 035 | _a(OCoLC)48848967 | ||
| 042 | _apcc | ||
| 043 | _ae-sp--- | ||
| 050 | 1 | 4 |
_aBX1585.2 _bI335 2001 |
| 082 | 0 | 0 |
_a282/.46/0904 _221 |
| 049 | _aGRAL | ||
| 245 | 0 | 3 |
_aLa iglesia frente al terrorismo de ETA / _cselección y edición de textos, José Francisco Serrano Oceja ; presentación, Antonio Ma. Rouco Varela ; epílogo, Fernando Sebastián Aguilar. |
| 260 |
_aMadrid : _bBiblioteca de Autores Cristianos, _c2001. |
||
| 300 |
_axxxiv, 823 p. ; _c20 cm. |
||
| 490 | 1 |
_aB.A.C. ; _v617 |
|
| 504 | _aIncludes bibliographical references (p. [xxix]-xxxii) and index. | ||
| 610 | 2 | 0 |
_aCatholic Church _zSpain _xHistory _y20th century _vSources. |
| 651 | 0 |
_aSpain _xChurch history _y20th century _vSources. |
|
| 610 | 2 | 0 |
_aETA (Organization) _xHistory _y20th century _vSources. |
| 650 | 0 |
_aTerrorism _zSpain _xHistory _y20th century _vSources. |
|
| 700 | 1 | _aSerrano Oceja, Josâe Francisco. | |
| 830 | 0 |
_aBiblioteca de autores cristianos ; _v617. |
|
| 938 |
_aPuvill Libros _bPUVL _n847914520X _c$33.12 |
||
| 938 |
_aIberbook International S.L. _bIBER _n131822 _cP32.50 |
||
| 942 |
_2lcc _cbk |
||
| 994 |
_aC0 _bDRFGD |
||
| 999 |
_c94298 _d94298 |
||